000
00243nam a22001097a 4500
082
_a
808.3 STO'U
100
_a
STOWE, HARRIET BEECHER
_9
75865
245
_a
UNCLE TOM'S CABIN
260
_a
NEWYORK
_b
SIGNET
_c
1968
300
_a
494P
942
_c
BK
999
_c
581273
_d
581273